000 00524nam a2200193 4500
001 000595603
003 AM-YeHGA
005 20250617141729.0
008 711112s1971 enk d 000 0 eng d
020 _a0582487161
040 _aAM-YeHGA
041 0 _aeng
100 1 _aRoberts, Geoffrey K.
245 1 2 _aA dictionary of political analysis /
_c[by] Geoffrey K. Roberts.
260 _aLondon :
_bLongman,
_c1971.
300 _axxii, 229 p. ;
_c23 cm.
650 0 _aPolitical science
_xDictionaries.
090 _c245681
999 _c244096
_d244096